[Event "Berlin Lichtenberger op 7th"]
[Site "Berlin"]
[Date "2008.08.21"]
[Round "6"]
[White "Reiche, Henry"]
[Black "Koch, Friedrich"]
[Result "1-0"]
[WhiteElo "2015"]
[BlackElo "2063"]
[PlyCount "101"]
[EventDate "2008.08.16"]
[EventType "swiss"]
[EventRounds "9"]
[EventCountry "GER"]
[SourceTitle "CBM 126 Extra"]
[Source "ChessBase"]
[SourceDate "2008.11.05"]
[SourceVersion "1"]
[SourceVersionDate "2008.11.05"]
[SourceQuality "1"]

1. e4 e5 2. Nf3 Nc6 3. Bb5 a6 4. Ba4 Nf6 5. 0-0 Nxe4 6. d4 b5 7. Bb3 d5 8. dxe5 Be6 9. c3 Be7 10. Nbd2 Nc5 11. Bc2 Bg4 12. h3 Bh5 13. Re1 0-0 14. g4 Bg6 15. Nb3 Ne6 16. Nbd4 Ncxd4 17. Nxd4 Bxc2 18. Qxc2 Qd7 19. Nf5 Rad8 20. Be3 Bc5 21. Bxc5 Nxc5 22. Rad1 g6 23. Rxd5 Qe6 24. Rxc5 gxf5 25. Qxf5 Qh6 26. Qf3 Rd2 27. Rc6 Qg5 28. Rf6 Kg7 29. Rf5 Qe7 30. Re2 Rfd8 31. Kf1 R2d3 32. Re3 Rd1+ 33. Kg2 Rb1 34. Rd3 Re8 35. Qe2 Qe6 36. Rdf3 Re7 37. Rf6 Qxa2 38. Qc2 Rxb2 39. Qf5 Qd5 40. Qg5+ Kh8 41. Qh6 Kg8 42. R6f5 Re6 43. Qg5+ Rg6 44. Qe7 Rxf2+ 45. Kxf2 Qd2+ 46. Kf1 Qd1+ 47. Kg2 Qe2+ 48. Rf2 Qe4+ 49. R5f3 Kh8 50. Qf8+ Rg8 51. Qxf7 1-0

[Event "Berlin Unicorn op"]
[Site "Berlin"]
[Date "2008.05.01"]
[Round "3"]
[White "Koch, Friedrich"]
[Black "Schrodt, Horst"]
[Result "1-0"]
[WhiteElo "2058"]
[BlackElo "1674"]
[PlyCount "57"]
[EventDate "2008.04.30"]
[EventType "swiss"]
[EventRounds "7"]
[EventCountry "GER"]
[SourceTitle "CBM 124 Extra"]
[Source "ChessBase"]
[SourceDate "2008.07.03"]
[SourceVersion "1"]
[SourceVersionDate "2008.07.03"]
[SourceQuality "1"]

1. e4 c6 2. d4 d5 3. exd5 cxd5 4. Bd3 Nf6 5. c3 Nc6 6. Bf4 e6 7. Nf3 Bd6 8. Bxd6 Qxd6 9. 0-0 0-0 10. Re1 Re8 11. Ne5 Rb8 12. Qe2 Qc7 13. Nd2 a6 14. a4 Na7 15. g4 h6 16. h4 Qe7 17. Ndf3 Nc6 18. Kg2 Nxe5 19. Nxe5 Nd7 20. h5 Nf8 21. f4 Bd7 22. Kg3 Qd6 23. a5 f5 24. gxf5 exf5 25. Qc2 Nh7 26. Nxd7 Rxe1 27. Rxe1 Rd8 28. Bxf5 Nf6 29. Nxf6+ 1-0

[Event "Berlin-ch U18 final"]
[Site "Berlin"]
[Date "2008.01.09"]
[Round "4.2"]
[White "Koch, Friedrich"]
[Black "Schmidt, Florian"]
[Result "1-0"]
[WhiteElo "2067"]
[BlackElo "1649"]
[PlyCount "81"]
[EventDate "2008.01.06"]
[EventType "swiss"]
[EventRounds "7"]
[EventCountry "GER"]
[SourceTitle "EXT 2022"]
[Source "ChessBase"]
[SourceDate "2021.10.06"]
[SourceVersion "1"]
[SourceVersionDate "2021.10.06"]
[SourceQuality "1"]

1. e4 c6 2. d4 d5 3. Nc3 dxe4 4. Nxe4 Bf5 5. Ng3 Bg6 6. Bc4 e6 7. N1e2 Bd6 8. Bf4 Nf6 9. Qd2 0-0 10. h4 h6 11. 0-0-0 b5 12. Bd3 Bxd3 13. Qxd3 Bxf4+ 14. Nxf4 Qc7 15. Qf3 Nbd7 16. Ngh5 g6 17. Nxf6+ Nxf6 18. g4 Nd5 19. Nd3 a5 20. Qe4 Nb4 21. Kb1 Qd6 22. c3 Nd5 23. Ne5 Kg7 24. f4 Qa3 25. Qxd5 cxd5 26. bxa3 Rfc8 27. Kb2 Rab8 28. Nd3 b4 29. axb4 axb4 30. Nxb4 g5 31. hxg5 hxg5 32. fxg5 Kg6 33. Rh5 Rc4 34. Rd3 e5 35. dxe5 Rxg4 36. Rh6+ Kxg5 37. Rd6 Kf5 38. R3xd5 Re4 39. Rf6+ Kg5 40. Rxf7 Kg6 41. Rf2 1-0

[Event "Berlin-ch U18 final"]
[Site "Berlin"]
[Date "2008.01.06"]
[Round "1.2"]
[White "Fuchs, Raimond"]
[Black "Koch, Friedrich"]
[Result "1/2-1/2"]
[WhiteElo "1930"]
[BlackElo "2067"]
[PlyCount "86"]
[EventDate "2008.01.06"]
[EventType "swiss"]
[EventRounds "7"]
[EventCountry "GER"]
[SourceTitle "EXT 2022"]
[Source "ChessBase"]
[SourceDate "2021.10.06"]
[SourceVersion "1"]
[SourceVersionDate "2021.10.06"]
[SourceQuality "1"]

1. e4 e5 2. Nf3 Nc6 3. Nc3 Nf6 4. Bb5 Bc5 5. d3 d6 6. Be3 Bb6 7. h3 0-0 8. 0-0 Be6 9. Bxb6 axb6 10. d4 exd4 11. Nxd4 Nxd4 12. Qxd4 c6 13. Bc4 Bxc4 14. Qxc4 Qe7 15. a4 Rfe8 16. Rae1 h6 17. Qd4 Qc7 18. f4 Rad8 19. g4 Re6 20. Re2 Rde8 21. Rfe1 d5 22. e5 Nd7 23. Kg2 f6 24. exf6 Rxe2+ 25. Rxe2 Rxe2+ 26. Nxe2 Nxf6 27. Nc3 c5 28. Qe5 Qc6 29. g5 d4+ 30. Kf2 dxc3 31. gxf6 cxb2 32. Qxb2 Qxf6 33. Qxf6 gxf6 34. Ke3 Kf7 35. f5 Ke7 36. c4 Kd6 37. Ke4 h5 38. h4 Kc6 39. Kd3 Kd6 40. Ke4 Kc6 41. Kd3 Kc7 42. Ke4 Kc6 43. Kd3 Kd6 1/2-1/2

[Event "Berlin Unicorn op"]
[Site "Berlin"]
[Date "2007.05.17"]
[Round "3"]
[White "Figura, Atila Gajo"]
[Black "Koch, Friedrich"]
[Result "1-0"]
[WhiteElo "2416"]
[BlackElo "1883"]
[PlyCount "67"]
[EventDate "2007.05.16"]
[EventType "swiss"]
[EventRounds "7"]
[EventCountry "GER"]
[SourceTitle "CBM 118 Extra"]
[Source "ChessBase"]
[SourceDate "2007.07.04"]
[SourceVersion "1"]
[SourceVersionDate "2007.07.04"]
[SourceQuality "1"]

1. d4 d5 2. c4 e6 3. Nc3 Nf6 4. cxd5 exd5 5. Bg5 Be7 6. e3 0-0 7. Bd3 Nbd7 8. Nf3 Re8 9. Qc2 c6 10. h3 Nf8 11. Bf4 Be6 12. 0-0-0 b5 13. Kb1 Qa5 14. Rc1 Rac8 15. Nd2 Qb6 16. Nb3 a5 17. Ne2 N6d7 18. Nc5 Nxc5 19. dxc5 Qa7 20. Be5 f6 21. Bd4 Bf7 22. Nf4 Bd8 23. g4 Bc7 24. g5 fxg5 25. Rcg1 Be5 26. Rxg5 Bxd4 27. exd4 Qc7 28. Qd2 Ne6 29. Nxe6 Bxe6 30. Rhg1 Re7 31. Rh5 g6 32. Qh6 Rg7 33. Bxg6 hxg6 34. Rxg6 1-0

[Event "Berlin Unicorn op"]
[Site "Berlin"]
[Date "2007.05.17"]
[Round "2"]
[White "Koch, Friedrich"]
[Black "Sondermann, Johannes"]
[Result "1-0"]
[WhiteElo "1883"]
[BlackElo "2173"]
[PlyCount "101"]
[EventDate "2007.05.16"]
[EventType "swiss"]
[EventRounds "7"]
[EventCountry "GER"]
[SourceTitle "CBM 118 Extra"]
[Source "ChessBase"]
[SourceDate "2007.07.04"]
[SourceVersion "1"]
[SourceVersionDate "2007.07.04"]
[SourceQuality "1"]

1. e4 c5 2. Nf3 d6 3. d4 cxd4 4. Nxd4 Nf6 5. Nc3 g6 6. Be3 Bg7 7. f3 0-0 8. Qd2 Nc6 9. Bc4 Bd7 10. Bb3 Rc8 11. 0-0-0 Ne5 12. Kb1 Nc4 13. Bxc4 Rxc4 14. g4 Qc7 15. h4 Rc8 16. Nde2 Qa5 17. h5 Be6 18. Nd5 Qd8 19. c3 Bxd5 20. exd5 Qa5 21. hxg6 fxg6 22. Nf4 Ra4 23. b3 Rxf4 24. Bxf4 Qxc3 25. Qxc3 Rxc3 26. Rhf1 a6 27. Bg5 b5 28. Bxf6 Bxf6 29. f4 h5 30. g5 Bg7 31. Rd2 Re3 32. Kc2 b4 33. Rff2 Bc3 34. Rde2 Rxe2+ 35. Rxe2 Kf7 36. Kd3 Ke8 37. a3 a5 38. a4 Kf7 39. Kc4 h4 40. Kb5 h3 41. Rh2 e6 42. Kc6 exd5 43. Kxd5 Ke7 44. Rxh3 Bd2 45. Rh7+ Kf8 46. Ke4 d5+ 47. Ke5 d4 48. Kf6 Ke8 49. f5 d3 50. Kxg6 Be1 51. Rh3 1-0

[Event "Berlin Lichtenrade op 03rd"]
[Site "Berlin"]
[Date "2007.04.10"]
[Round "4"]
[White "Bruening, Wolfgang"]
[Black "Koch, Friedrich"]
[Result "1/2-1/2"]
[WhiteElo "2047"]
[BlackElo "1883"]
[PlyCount "54"]
[EventDate "2007.04.07"]
[EventType "swiss"]
[EventRounds "9"]
[EventCountry "GER"]
[SourceTitle "EXT 2008"]
[Source "ChessBase"]
[SourceDate "2007.11.25"]
[SourceVersion "1"]
[SourceVersionDate "2007.11.25"]
[SourceQuality "1"]

1. g3 Nf6 2. c4 e6 3. Bg2 d5 4. Nf3 Be7 5. 0-0 0-0 6. d4 Nbd7 7. Qc2 Ne4 8. Nfd2 f5 9. f3 Nxd2 10. Nxd2 dxc4 11. Nxc4 c6 12. Bd2 Nb6 13. e3 Nxc4 14. Qxc4 Qd5 15. Rac1 Bd7 16. Rfd1 Qxc4 17. Rxc4 Rfd8 18. Bb4 Bf6 19. f4 Be8 20. Rdc1 Bf7 21. R4c2 Rac8 22. a4 g5 23. a5 a6 24. Bc5 Bh5 25. Kf2 gxf4 26. gxf4 Bh4+ 27. Kf1 Kf7 1/2-1/2

[Event "Berlin Lichtenberger op 6th"]
[Site "Berlin"]
[Date "2007.??.??"]
[Round "?"]
[White "Grassi, Fabrizio"]
[Black "Koch, Friedrich"]
[Result "0-1"]
[WhiteElo "1838"]
[BlackElo "1908"]
[PlyCount "86"]
[EventDate "2007.08.18"]
[EventType "swiss"]
[EventRounds "9"]
[EventCountry "GER"]
[SourceTitle "CBM 120 Extra"]
[Source "ChessBase"]
[SourceDate "2007.11.01"]
[SourceVersion "1"]
[SourceVersionDate "2007.11.01"]
[SourceQuality "1"]

1. d4 d5 2. Nf3 Nf6 3. Bf4 e6 4. e3 c5 5. c3 Be7 6. Bd3 0-0 7. 0-0 Nbd7 8. Nbd2 c4 9. Bc2 b5 10. e4 dxe4 11. Nxe4 Bb7 12. Ng3 Nd5 13. Bd2 a5 14. Qe2 N7f6 15. Ne5 Qc7 16. f4 g6 17. f5 exf5 18. Bxf5 gxf5 19. Nxf5 Bc8 20. Nh6+ Kg7 21. Qf3 Be6 22. Qg3+ Kh8 23. Rf5 Bd6 24. Raf1 Bxe5 25. Rxe5 Nd7 26. Rg5 Qxg3 27. Rxg3 N7f6 28. Rgf3 Ne4 29. Bc1 Ra7 30. a3 Kg7 31. h3 Kg6 32. g4 Ng5 33. Rg3 Kxh6 34. h4 Kg6 35. Bxg5 Rb7 36. Bd2 Kg7 37. g5 Kg6 38. Kg2 Rd8 39. Rgf3 Bg4 40. R3f2 Re8 41. Kg3 Re4 42. Rh2 Bh5 43. Rhf2 Re2 0-1

[Event "Berlin Lichtenberger op 6th"]
[Site "Berlin"]
[Date "2007.??.??"]
[Round "?"]
[White "Koch, Friedrich"]
[Black "Berger, Steve"]
[Result "1/2-1/2"]
[WhiteElo "1908"]
[BlackElo "2399"]
[PlyCount "98"]
[EventDate "2007.08.18"]
[EventType "swiss"]
[EventRounds "9"]
[EventCountry "GER"]
[SourceTitle "CBM 120 Extra"]
[Source "ChessBase"]
[SourceDate "2007.11.01"]
[SourceVersion "1"]
[SourceVersionDate "2007.11.01"]
[SourceQuality "1"]

1. e4 e6 2. d4 d5 3. exd5 exd5 4. Bd3 c5 5. dxc5 Bxc5 6. Nf3 Nf6 7. 0-0 0-0 8. Nbd2 Nc6 9. c3 Bg4 10. h3 Bh5 11. Nb3 Bb6 12. Bf4 Re8 13. g4 Bg6 14. Bxg6 hxg6 15. Nbd4 Ne4 16. Qd3 Qf6 17. Bh2 Re7 18. Rad1 Rae8 19. Kg2 Ng5 20. Nxg5 Nxd4 21. Nxf7 Qf3+ 22. Qxf3 Nxf3 23. Kxf3 Rxf7+ 24. Kg2 Re2 25. Bg3 Rxb2 26. a4 Ra2 27. Ra1 Rxa1 28. Rxa1 Rd7 29. Rd1 Kf7 30. Kf3 Ke8 31. Re1+ Kf8 32. Rd1 Bc7 33. Bxc7 Rxc7 34. Rxd5 Rxc3+ 35. Kg2 Ke7 36. Rb5 b6 37. a5 Rc6 38. axb6 axb6 39. h4 Kd7 40. h5 gxh5 41. gxh5 Rh6 42. Rg5 Kc6 43. Rxg7 Rxh5 44. f4 b5 45. Rg5 Rh7 46. f5 b4 47. Kf3 Rh4 48. f6 Kd6 49. Rb5 Kc6 1/2-1/2

[Event "Berlin Lichtenberger op 6th"]
[Site "Berlin"]
[Date "2007.??.??"]
[Round "?"]
[White "Koch, Friedrich"]
[Black "Lieder, Guenter"]
[Result "1-0"]
[WhiteElo "1908"]
[BlackElo "1864"]
[PlyCount "51"]
[EventDate "2007.08.18"]
[EventType "swiss"]
[EventRounds "9"]
[EventCountry "GER"]
[SourceTitle "CBM 120 Extra"]
[Source "ChessBase"]
[SourceDate "2007.11.01"]
[SourceVersion "1"]
[SourceVersionDate "2007.11.01"]
[SourceQuality "1"]

1. e4 d5 2. exd5 Qxd5 3. Nc3 Qa5 4. d4 c6 5. Bd2 Nf6 6. Nf3 Bf5 7. Bc4 Nbd7 8. 0-0 e6 9. Re1 Qc7 10. Ne5 a6 11. Qf3 Be7 12. Nxf7 Bg4 13. Qe3 0-0 14. Ng5 Bd6 15. Bxe6+ Kh8 16. Nf7+ Rxf7 17. Bxf7 Bxh2+ 18. Kh1 Rf8 19. Bb3 Bh5 20. f3 Bg6 21. Ne2 Nh5 22. f4 Re8 23. Qf3 Rxe2 24. Rxe2 Bxf4 25. Bxf4 Nxf4 26. Rf2 1-0

[Event "GER North-chT U16"]
[Site "Magdeburg"]
[Date "2006.08.27"]
[Round "3.1"]
[White "Koch, Friedrich"]
[Black "Brueggemann, Florian"]
[Result "1-0"]
[WhiteElo "1725"]
[BlackElo "1813"]
[PlyCount "114"]
[EventDate "2006.08.26"]
[EventType "team"]
[EventRounds "7"]
[EventCountry "GER"]
[SourceTitle "EXT 2007"]
[Source "ChessBase"]
[SourceDate "2006.11.23"]
[SourceVersion "1"]
[SourceVersionDate "2006.11.23"]
[SourceQuality "1"]

1. e4 c5 2. Nf3 d6 3. d4 cxd4 4. Nxd4 Nf6 5. Nc3 a6 6. f3 e5 7. Nb3 Be6 8. Be3 Be7 9. Qd2 0-0 10. Nd5 Nxd5 11. exd5 Bd7 12. 0-0-0 f5 13. f4 Rf6 14. h3 a5 15. Kb1 a4 16. Nc1 b5 17. Be2 Qc8 18. g4 Qb7 19. fxe5 dxe5 20. Bg5 f4 21. Bxf6 Bxf6 22. Bf3 Na6 23. Nd3 Re8 24. Rhe1 Qc7 25. Re2 Qd6 26. Nf2 Nc5 27. Ne4 Nxe4 28. Bxe4 g6 29. Rg2 Bd8 30. Qd3 Kg7 31. g5 Rf8 32. h4 b4 33. h5 Bf5 34. hxg6 hxg6 35. Rh1 Bxe4 36. Qxe4 Rf5 37. Qf3 Rxg5 38. Rxg5 Bxg5 39. Qh3 Qf8 40. Qd7+ Qe7 41. Qh3 Qe8 42. d6 e4 43. d7 Qf8 44. Qe6 Qe7 45. d8Q Qxd8 46. Qxe4 Qe7 47. Qd4+ Qf6 48. Qd7+ Kf8 49. Qc8+ Ke7 50. Rh7+ Kd6 51. Rd7+ Ke5 52. Qc5+ Ke4 53. Qxb4+ Kf3 54. Rd3+ Kg4 55. Qxa4 Qe5 56. Qd7+ Qf5 57. Qh7 f3 1-0

[Event "GER North-chT U16"]
[Site "Magdeburg"]
[Date "2006.08.27"]
[Round "4.1"]
[White "Schulz, Jens"]
[Black "Koch, Friedrich"]
[Result "1/2-1/2"]
[WhiteElo "1704"]
[BlackElo "1790"]
[PlyCount "66"]
[EventDate "2006.08.26"]
[EventType "team"]
[EventRounds "7"]
[EventCountry "GER"]
[SourceTitle "EXT 2007"]
[Source "ChessBase"]
[SourceDate "2006.11.23"]
[SourceVersion "1"]
[SourceVersionDate "2006.11.23"]
[SourceQuality "1"]

1. e4 e5 2. Nf3 Nc6 3. d4 exd4 4. Nxd4 Nf6 5. Nc3 Bb4 6. Nxc6 bxc6 7. Bd3 0-0 8. 0-0 Re8 9. f3 Bxc3 10. bxc3 d5 11. exd5 cxd5 12. Bg5 Qd6 13. Qd2 Ba6 14. Rfe1 Bxd3 15. cxd3 h6 16. Bh4 Nd7 17. Bg3 Qc5+ 18. d4 Qa5 19. Qb2 c5 20. Rab1 Rac8 21. Qb5 Rxe1+ 22. Bxe1 Qd8 23. Bg3 cxd4 24. cxd4 Nb6 25. Qa6 Qd7 26. h3 Re8 27. Qb5 Qc8 28. a4 Rd8 29. Re1 Rd7 30. Re5 Qd8 31. Re2 Qc8 32. Rb2 Rd8 33. Kh2 Kh7 1/2-1/2

[Event "Berlin op 04"]
[Site "Berlin"]
[Date "2006.04.16"]
[Round "2"]
[White "Nguyen Luu, Truong Son"]
[Black "Koch, Friedrich"]
[Result "1-0"]
[WhiteElo "2013"]
[BlackElo "1775"]
[PlyCount "47"]
[EventDate "2006.04.14"]
[EventType "swiss"]
[EventRounds "9"]
[EventCountry "GER"]
[SourceTitle "EXT 2007"]
[Source "ChessBase"]
[SourceDate "2006.11.23"]
[SourceVersion "1"]
[SourceVersionDate "2006.11.23"]
[SourceQuality "1"]

1. d4 d5 2. Bf4 Nf6 3. Nf3 e6 4. e3 Be7 5. Bd3 Nbd7 6. 0-0 0-0 7. Nbd2 b6 8. Ne5 Bb7 9. Qf3 c5 10. c3 Re8 11. g4 Nf8 12. Rad1 Ng6 13. g5 Nxe5 14. dxe5 Nd7 15. Qg3 Nf8 16. h4 Ng6 17. Nf3 Qc7 18. Nh2 Rad8 19. Ng4 d4 20. exd4 cxd4 21. c4 Qc6 22. f3 Nxf4 23. Qxf4 Qc5 24. Nh6+ 1-0

[Event "Berlin op 03"]
[Site "Berlin"]
[Date "2005.03.26"]
[Round "1"]
[White "Koch, Friedrich"]
[Black "Sondermann, Johannes"]
[Result "1/2-1/2"]
[WhiteElo "1569"]
[BlackElo "2072"]
[PlyCount "98"]
[EventDate "2005.03.25"]
[EventType "swiss"]
[EventRounds "9"]
[EventCountry "GER"]
[SourceTitle "EXT 2007"]
[Source "ChessBase"]
[SourceDate "2006.11.23"]
[SourceVersion "1"]
[SourceVersionDate "2006.11.23"]
[SourceQuality "1"]

1. e4 c5 2. Nf3 Nc6 3. d4 cxd4 4. Nxd4 Nf6 5. Nc3 d6 6. Be2 g6 7. Be3 Bg7 8. Qd2 Ng4 9. Bxg4 Bxg4 10. f3 Bd7 11. 0-0-0 Ne5 12. Nde2 Nc4 13. Qd3 Nxe3 14. Qxe3 Qa5 15. Rd5 Qa6 16. Kb1 Rc8 17. a3 0-0 18. h4 Rc6 19. Na2 Rfc8 20. Nb4 Qb6 21. Qxb6 Rxb6 22. Ra5 a6 23. c3 e6 24. Rd1 Be8 25. g4 Bf6 26. g5 Bd8 27. f4 h6 28. Rd2 hxg5 29. fxg5 Kf8 30. Nd4 Rc5 31. Nb3 Rc8 32. Nd4 Rxb4 33. axb4 Bxa5 34. bxa5 Ke7 35. Kc2 Rc5 36. b4 Re5 37. Kd3 Bc6 38. Nxc6+ bxc6 39. Rf2 d5 40. exd5 cxd5 41. b5 d4 42. Rb2 dxc3 43. Kxc3 Kd7 44. bxa6 Rxa5 45. Rb7+ Kc6 46. Rxf7 Rxa6 47. Rf6 Ra3+ 48. Kb4 Rh3 49. Rxe6+ Kd5 1/2-1/2

[Event "Berlin-ch U14"]
[Site "Berlin"]
[Date "2004.02.07"]
[Round "7"]
[White "Gruenwald, Eduard"]
[Black "Koch, Friedrich"]
[Result "1/2-1/2"]
[WhiteElo "1989"]
[BlackElo "1293"]
[PlyCount "30"]
[EventDate "2004.04.??"]
[EventType "swiss"]
[EventRounds "7"]
[EventCountry "GER"]
[SourceTitle "EXT 2005"]
[Source "ChessBase"]
[SourceDate "2004.11.15"]
[SourceVersion "1"]
[SourceVersionDate "2004.11.15"]
[SourceQuality "1"]

1. e4 e5 2. Nf3 Nc6 3. Bb5 a6 4. Ba4 Nf6 5. 0-0 Nxe4 6. d4 b5 7. Bb3 Be7 8. dxe5 0-0 9. Qe2 d5 10. exd6 Nxd6 11. Bd5 Bb7 12. Rd1 Na5 13. Nc3 Bxd5 14. Nxd5 Re8 15. Nxe7+ Qxe7 1/2-1/2

[Event "Berlin-ch U14"]
[Site "Berlin"]
[Date "2004.02.03"]
[Round "3"]
[White "Koch, Friedrich"]
[Black "Wilke, Friedrich"]
[Result "0-1"]
[WhiteElo "1293"]
[BlackElo "1339"]
[PlyCount "80"]
[EventDate "2004.04.??"]
[EventType "swiss"]
[EventRounds "7"]
[EventCountry "GER"]
[SourceTitle "EXT 2005"]
[Source "ChessBase"]
[SourceDate "2004.11.15"]
[SourceVersion "1"]
[SourceVersionDate "2004.11.15"]
[SourceQuality "1"]

1. e4 g6 2. d4 Bg7 3. Nc3 e6 4. Be3 Ne7 5. Bc4 d5 6. exd5 exd5 7. Bb3 0-0 8. Nge2 c6 9. Qd2 Re8 10. 0-0-0 Nf5 11. Bg5 Qb6 12. f3 Nd7 13. g4 Nd6 14. h4 a5 15. h5 Nc4 16. Bxc4 dxc4 17. Bh6 c5 18. Bxg7 Kxg7 19. hxg6 Qxg6 20. dxc5 Ne5 21. Nd4 Rd8 22. Qf4 f6 23. Nf5+ Bxf5 24. gxf5 Rxd1+ 25. Nxd1 Qg5 26. Qxg5+ fxg5 27. Rh3 Rc8 28. Rg3 Kf6 29. Ne3 Rxc5 30. c3 h5 31. Kc2 b5 32. a3 a4 33. Kd2 Nd3 34. Kc2 h4 35. Rh3 Rxf5 36. Nxf5 Kxf5 37. Rh1 Kf4 38. Rf1 h3 39. Kd2 h2 40. Ke2 Kg3 0-1